00339nam a2200133Ia 4500008004100000041000800041082001500049100002000064245002800084250002200112260002800134300001200162650003100174231207s9999 xx 000 0 und d aeng a005.74/SIL aA. Silberschatz aDatabase System Concept a2002, 4th Edition bTata mc graw hill Delhi aPB/1064 aComnputer Program Language